000 00338nam a2200133Ia 4500
008 240624s9999 xx 000 0 und d
041 _aeng
082 _a658.8 KIR
100 _aKIRBY JUSTIN
245 _aCONNECTED MARKETING THE VIRAL BUZZ AND W
260 _c2007
_aOxford
_bElsevier
300 _axxxv, : 282p. ; 22cm.
365 _cRS
_b33
999 _c4582
_d4582